00247nam a22001097a 4500008004100000041000800041082001200049245002200061260002800083650001300111650001300124210707s2011 xx 000 0 und d aeng a052 JoD aJournal of dharma bDharmaram Collegec2011 aReligion aReligion